Central Library OPAC University of Rajshahi

বিরহ : (Record no. 84538)

MARC details
000 -LEADER
fixed length control field 00782nam a2200229 a 4500
001 - CONTROL NUMBER
control field 84538
003 - CONTROL NUMBER IDENTIFIER
rucl marc code BD-RjUL
005 - DATE AND TIME OF LATEST TRANSACTION
control field 20241219104914.0
008 - FIXED-LENGTH DATA ELEMENTS--GENERAL INFORMATION
fixed length control field 241219s1974 bg ||||| |||| 00| 0 ben d
035 ## - SYSTEM CONTROL NUMBER
System control number (BD-RjUL)84538
040 ## - CATALOGING SOURCE
Original cataloging agency BD-RjUL
Language of cataloging ben
Transcribing agency BD-RjUL
041 ## - LANGUAGE CODE
Language code of text/sound track or separate title ben
082 ## - DEWEY DECIMAL CLASSIFICATION NUMBER
Edition number 23
Classification number 891.442
Author mark and year RAB 1974
100 ## - MAIN ENTRY--PERSONAL NAME
Personal name রায়, দ্বিজেন্দ্রলাল
9 (RLIN) 119722
245 10 - TITLE STATEMENT
Title বিরহ :
Remainder of title (নাটিকা) /
Statement of responsibility, etc. দ্বিজেন্দ্রলাল রায়
246 ## - VARYING FORM OF TITLE
Title proper/short title ১ম সং.
260 ## - PUBLICATION, DISTRIBUTION, ETC. (IMPRINT)
Place of publication, distribution, etc. ঢাকা :
Name of publisher, distributor, etc. মুক্তধারা,
Date of publication, distribution, etc. ১৯৭৪
300 ## - PHYSICAL DESCRIPTION
Pagination ৭৬ পৃ. ;
Size ২২ সেমি.
650 ## - SUBJECT ADDED ENTRY--TOPICAL TERM
Topical term or geographic name as entry element বাংলা নাটক
9 (RLIN) 146471
Topical term or geographic name as entry element Bengali Drama
9 (RLIN) 146472
942 ## - ADDED ENTRY ELEMENTS (KOHA)
Source of classification or shelving scheme Dewey Decimal Classification
Koha item type Books
Holdings
Lost status Source of classification or shelving scheme Damaged status Not for loan Collection code Permanent Location Current Location Shelving location Date acquired Total Checkouts Full call number Date last seen Copy number Koha item type
  Dewey Decimal Classification   Not For Loan Fiction Central Library, University of Rajshahi Central Library, University of Rajshahi Reading Room 19/12/2024   B 891.442 RAB 1974 19/12/2024 C-1 Books